Roman Numeral Decoding(Hard) - Statistics

General Stats
  • This quiz has been taken 59 times
  • The average score is 21 of 23
Answer Stats
Hint Answer % Correct
XIX 19
100%
III 3
100%
VII 7
100%
M 1000
98%
XIV 14
98%
D 500
98%
XXXVIII 38
95%
XLIII 43
95%
LXXVIII 78
95%
CM 900
95%
XCIX 99
95%
CI 101
93%
DCCLXXXI 781
93%
MMMDCCCLXXXVIII 3888
91%
CDXX 420
91%
LXIX 69
91%
CXCVIII 198
89%
MMCMLXXIV 2974
89%
5000
89%
MV̅IV 4004
75%
V̅MMMDCCCLXXXVIII 8888
73%
MV̅CDLXXVIII 4478
70%
X̅V̅ 15000
59%
No matching quizzes found
Score Distribution
Percent of People with Each Score
Percentile by Number Answered
Your Score History
You have not taken this quiz